Catálogo
 En Linea

La escritura del ojo / (Registro nro. 58070)

Detalles MARC
000 -CABECERA
campo de control de longitud fija 02219nam a2200301 a 4500
001 - NÚMERO DE CONTROL
campo de control 000039188
003 - IDENTIFICADOR DEL NÚMERO DE CONTROL
campo de control DO-SdBNP
005 - FECHA Y HORA DE LA ÚLTIMA TRANSACCIÓN
campo de control 20250117084036.0
007 - CAMPO FIJO DE DESCRIPCIÓN FÍSICA--INFORMACIÓN GENERAL
campo de control de longitud fija ta
008 - DATOS DE LONGITUD FIJA--INFORMACIÓN GENERAL
campo de control de longitud fija 250117s2024 pr 000 j spa d
020 ## - NÚMERO INTERNACIONAL ESTÁNDAR DEL LIBRO
Número Internacional Estándar del Libro 9789945188639
040 ## - FUENTE DE LA CATALOGACIÓN
Centro catalogador/agencia de origen DO-SdBNP
Lengua de catalogación spa
Centro/agencia transcriptor BNPHU
Normas de descripción rda
041 ## - CÓDIGO DE LENGUA
Código de lengua original spa
082 ## - NÚMERO DE LA CLASIFICACIÓN DECIMAL DEWEY
Número de clasificación RD861.44
Número de documento/Ítem M938e
Número de edición 22
100 ## - ENTRADA PRINCIPAL--NOMBRE DE PERSONA
Nombre de persona Moya, Pastor de,
Fechas asociadas al nombre 1965-
Término indicativo de función/relación autor
9 (RLIN) 10813
245 10 - MENCIÓN DE TÍTULO
Título La escritura del ojo /
Mención de responsabilidad, etc. Pastor de Moya
264 ## - PRODUCCIÓN, PUBLICACIÓN, DISTRIBUCIÓN, FABRICACIÓN Y COPYRIGHT
Producción, publicación, distribución, fabricación y copyright Santo Domingo :
Nombre del de productor, editor, distribuidor, fabricante Amigo del Hogar,
Fecha de producción, publicación, distribución, fabricación o copyright 2024
300 ## - DESCRIPCIÓN FÍSICA
Extensión 207 páginas :
Otras características físicas Ilustraciones ;
Dimensiones 24 cm.
336 ## - TIPO DE CONTENIDO
Término de tipo de contenido rdacontent
Código de tipo de contenido texto
Fuente txt
337 ## - TIPO DE MEDIO
Nombre/término del tipo de medio rdamedia
Código del tipo de medio sin mediación
Fuente n
338 ## - TIPO DE SOPORTE
Nombre/término del tipo de soporte rdacarrier
Código del tipo de soporte volumen
Fuente nc
505 ## - NOTA DE CONTENIDO CON FORMATO
Nota de contenido con formato Entrada de deditos hervidos en sangre de cayena 12 -- El escapulario de Pastor y el egoísmo de poseerlo 16 -- El pez cero 18 -- Ver y sentir a Pastor De Moya comiéndose las manos 22 -- Obscena presencia de Marx 32 -- Una muestra del infierno 36 -- Perros [o la virtud del pez masturbador] 42 -- La silla 46 -- El velorio y entierro del puerco [pantalla del recuerdo / 3. dimensión] 52 -- La musaraña [Investigación científica- especulativa sobre la baba] 56 -- Poética de la locura: los "trances dilatados" de Pastor De Moya 70 -- Las preferencias engendran tiernos monstruos 90 -- Pastor De Moya: "musa, tátara musa..." 94 -- Trance dilatado del Buffet para caníbales 100 -- Trance dilatado 110 -- Mientras el bufé se prepara 114 -- El jardín de los enanos 118 -- La etérea sangre de las plumas 122 -- Respiración y velocidad en la obra de arte 128 -- La caja libro 132 -- De libros y funerales [crónica rosa de las fiestas tristes] 138 -- Gestualidad y trasgresión 142 -- Los diez mandamientos del artista en trance 148 -- Malaventuranzas según Pastor 152 -- Se huye del amor al sueño 158 -- Pastor De Moya ¡Disrupción & Provocación! 164 -- Epílogo: Pastor De Moya: El yo serpentino y la escritura del círculo 170 -- Pastor De Moya: biografía selecta 192 -- De los críticos 200 -- De los textos 202 -- Otros estudios sobre la obra de Pastor De Moya 204
590 ## - NOTA LOCAL (RLIN)
Nota local Inventariado, 2025/DG
650 #4 - PUNTO DE ACCESO ADICIONAL DE MATERIA--TÉRMINO DE MATERIA
Término de materia o nombre geográfico como elemento de entrada Poesía dominicana
650 #4 - PUNTO DE ACCESO ADICIONAL DE MATERIA--TÉRMINO DE MATERIA
Término de materia o nombre geográfico como elemento de entrada Literatura dominicana
910 ## - DATOS DE OPCIÓN DEL USUARIO (OCLC)
Datos de opción del usuario DG
942 ## - ELEMENTOS DE PUNTO DE ACCESO ADICIONAL (KOHA)
Fuente del sistema de clasificación o colocación Dewey Decimal Classification
Tipo de ítem Koha Libro
Existencias
Estado de retiro Estado de pérdida Fuente del sistema de clasificación o colocación Restricciones de uso No para préstamo Código de colección Localización permanente Ubicación/localización actual Ubicación en estantería Fecha de adquisición Fuente de adquisición Total de préstamos Signatura topográfica completa Código de barras Fecha visto por última vez Precio válido a partir de Tipo de ítem Koha Número de copia
    Dewey Decimal Classification Excluido de préstamo   Patrimonio Dominicano Biblioteca Nacional Pedro Henríquez Ureña Biblioteca Nacional Pedro Henríquez Ureña En catalogación 17.01.2025 deposito legal   BNPHU PD RD861.44 M938e 2025-0180 17.01.2025 17.01.2025 Libro  
    Dewey Decimal Classification Excluido de préstamo   Patrimonio Dominicano Biblioteca Nacional Pedro Henríquez Ureña Biblioteca Nacional Pedro Henríquez Ureña En catalogación 17.01.2025 deposito legal   BNPHU PD RD861.44 M938e 2025-0181 17.01.2025 17.01.2025 Libro e.2
    Dewey Decimal Classification Préstamo en sala   Dominicana de Servicio Biblioteca Nacional Pedro Henríquez Ureña Biblioteca Nacional Pedro Henríquez Ureña En catalogación 17.01.2025 deposito legal   BNPHU DS RD861.44 M938e 2025-0182 17.01.2025 17.01.2025 Libro e.3

Con tecnología Koha